La qüestió de les minories nacionals / J. Estelrich

por Estelrich, Joan

Publicado: Barcelona : Llibreria Catalònia , 1929
Descripción Física: v. ; 19 cm
Materias: Minories

MARC

LEADER 00000nam a2200000Ia 4500
001 630
008 160829s1929 xx 000 0 cat d
080 |a M-3-39 
100 |a Estelrich, Joan  |9 24503 
245 |a La qüestió de les minories nacionals / J. Estelrich 
260 |a Barcelona :  |b Llibreria Catalònia,  |c 1929 
300 |a v. ;  |c 19 cm 
590 |a Conté: v. 1: Les vies del dret 
650 |a Minories  |9 36934 
866 |a 1 
901 |a Arxiu 
942 |n 1 
952 |0 0  |1 0  |4 0  |6 M339  |7 1  |9 47576  |a Arxiu  |b Arxiu  |d 2016-12-01  |l 0  |o M-3-39  |p 630  |r 2016-12-01 00:00:00  |w 2016-12-01  |y ARXIU 
999 |c 51375  |d 51375